| 000 | 00462nam a2200157 i 4500 | ||
|---|---|---|---|
| 001 | 74714 | ||
| 003 | ES-MaACL | ||
| 005 | 20230906172224.0 | ||
| 007 | t| | ||
| 008 | 040920s1958 sp ||||1| spa d | ||
| 100 | 1 |
_aGordo Moreno, Angel. _959152 |
|
| 245 | 1 | 0 |
_aA la lectura por la escritura / _cpor Alferez (seud) Angel Gordo Moreno. |
| 260 |
_aMadrid : _b[s.n., _c1958] ( _fArtes Gráficas) |
||
| 300 |
_a61 p. ; _c24 cm. |
||
| 852 |
_aES-MaACL _jD-6098 _bR.46833 |
||
| 999 |
_c74714 _d74714 |
||